000 00249nam a2200085Ia 4500
008 160715s9999 xx 000 0 und d
245 _aChatting with MVP at Southville
260 _bThe Philippine Star
_cNovember 17, 2015
650 _aArchival materials.
999 _c297753
_d297753